000
00208 a2200097 4500
001
11145
100
_a
Phelips, C.H.
245
_a
The Partition of India
260
_a
_b
George Allen
_c
090
_c
8699
_d
8699
942
_a
NUST-CAE
_c
M
_c
35487
999
_c
246218
_d
246218